HINDI NATAK:UDBHAV OR VIKAS (Record no. 51147)
[ view plain ]
| 000 -LEADER | |
|---|---|
| fixed length control field | 00360nam a22001577a 4500 |
| 003 - CONTROL NUMBER IDENTIFIER | |
| control field | OSt |
| 005 - DATE AND TIME OF LATEST TRANSACTION | |
| control field | 20240320143343.0 |
| 008 - FIXED-LENGTH DATA ELEMENTS--GENERAL INFORMATION | |
| fixed length control field | 211129b xxu||||| |||| 00| 0 eng d |
| 020 ## - INTERNATIONAL STANDARD BOOK NUMBER | |
| International Standard Book Number | 8170284023 |
| 040 ## - CATALOGING SOURCE | |
| Transcribing agency | SERIOSOFT |
| 100 ## - MAIN ENTRY--PERSONAL NAME | |
| Personal name | OJHA,DASHRATH |
| 245 ## - TITLE STATEMENT | |
| Title | HINDI NATAK:UDBHAV OR VIKAS |
| 260 ## - PUBLICATION, DISTRIBUTION, ETC. | |
| Place of publication, distribution, etc. | DELHI |
| Name of publisher, distributor, etc. | RAJPAL |
| Date of publication, distribution, etc. | 2018 |
| 300 ## - PHYSICAL DESCRIPTION | |
| Extent | 415 |
| 942 ## - ADDED ENTRY ELEMENTS (KOHA) | |
| Source of classification or shelving scheme | |
| Koha item type | Book Bank |
| Withdrawn status | Lost status | Source of classification or shelving scheme | Damaged status | Not for loan | Home library | Current library | Date acquired | Source of acquisition | Coded location qualifier | Cost, normal purchase price | Inventory number | Total Checkouts | Barcode | Date last seen | Price effective from | Koha item type | Date last checked out |
|---|---|---|---|---|---|---|---|---|---|---|---|---|---|---|---|---|---|
| IIMT University Central Library Meerut | IIMT University Central Library Meerut | 11/29/2021 | ARISTA | MA | 415.00 | HO/IN/41 | 01-B-134352 | 11/29/2021 | 11/29/2021 | Book Bank | |||||||
| IIMT University Central Library Meerut | IIMT University Central Library Meerut | 11/29/2021 | ARISTA | MA | 415.00 | HO/IN/41 | 01-B-134353 | 11/29/2021 | 11/29/2021 | Book Bank | |||||||
| IIMT University Central Library Meerut | IIMT University Central Library Meerut | 11/29/2021 | ARISTA | MA | 415.00 | HO/IN/41 | 01-B-134354 | 11/29/2021 | 11/29/2021 | Book Bank | |||||||
| IIMT University Central Library Meerut | IIMT University Central Library Meerut | 11/29/2021 | ARISTA | MA | 415.00 | HO/IN/41 | 1 | 01-B-134355 | 11/10/2025 | 11/29/2021 | Book Bank | 10/31/2025 | |||||
| IIMT University Central Library Meerut | IIMT University Central Library Meerut | 11/29/2021 | ARISTA | MA | 415.00 | HO/IN/41 | 01-B-134356 | 11/29/2021 | 11/29/2021 | Book Bank |

